Normal view MARC view

Entry Nombre personal

Number of records used in: 7

001 - NÚMERO DE CONTROL

  • campo de control: 176485

003 - IDENTIFICADOR DE NÚMERO DE CONTROL

  • campo de control: SpMaBN

005 - FECHA Y HORA DE LA ÚLTIMA TRANSACCIÓN

  • campo de control: 20250720061257.0

008 - ELEMENTOS DE DATO DE LONGITUD-FIJA

  • campo de control de longitud fija: 011287nn aijnnaaan a aaa ||

016 ## - NÚMERO DE CONTROL DE UNA AGENCIA BIBLIOGRÁFICA NACIONAL

  • Número de control del registro: BNE19923315046

024 7# - IDENTIFICADOR DE OTROS ESTÁNDARES

  • Número estándar o código: http://viaf.org/viaf/12150892/
  • Fuente: viaf

024 7# - IDENTIFICADOR DE OTROS ESTÁNDARES

  • Número estándar o código: https://isni.org/isni/0000000066386306
  • Fuente: isni

024 7# - IDENTIFICADOR DE OTROS ESTÁNDARES

  • Número estándar o código: http://www.wikidata.org/entity/Q19291099
  • Fuente: wikidata

040 ## - FUENTE DE CATALOGACIÓN

  • Centro catalogador/agencia de origen: SpMaBN
  • Lengua de catalogación: spa
  • Centro/agencia transcriptor: SpMaBN
  • Normas de descripción: rdc
  • Convención/Normas de encabezamiento de materia/tesauro: embne

046 ## - FECHAS CON CODIFICACIÓN ESPECIAL

  • Fecha de nacimiento: 1951

100 1# - ENCABEZAMIENTO-NOMBRE DE PERSONA

  • Nombre de persona: Gortázar, Guillermo,
  • Fechas asociadas al nombre: 1951-

370 ## - LUGAR ASOCIADO

  • Lugar de nacimiento: Vitoria
  • Número de control del registro de autoridad o número normalizado: XX451985
  • Fuente de información: Wikidata

372 ## - CAMPO DE ACTIVIDAD

  • Campo de actividad: Historia Contemporánea
  • Fuente de información: (Dialnet)

374 ## - OCUPACIÓN

  • Ocupación: Historiadores
  • Ocupación: Politicos
  • Fuente de información: Wikidata

375 ## - GÉNERO/SEXO

  • Género: Masculino

377 ## - IDIOMA ASOCIADO

  • Término de lengua/lenguaje: Catalán
  • Término de lengua/lenguaje: Español

400 1# - TRAZADO DE VÉASE--NOMBRE DE PERSONA

  • Nombre de persona: Gortázar Echevarría, Guillermo,
  • Fechas asociadas al nombre: 1951-

400 1# - TRAZADO DE VÉASE--NOMBRE DE PERSONA

  • Nombre de persona: Gortázar Echeverría, Guillermo,
  • Fechas asociadas al nombre: 1951-

670 ## - FUENTE DE DATOS ENCONTRADOS

  • Cita de la fuente: Nación y estado en la España liberal, 1994
  • Información encontrada: port. (Guillermo Gortázar, editor)

670 ## - FUENTE DE DATOS ENCONTRADOS

  • Cita de la fuente: Cómo estudiar historia, 1986
  • Información encontrada: port. (Guillermo Gortázar Echeverría)

670 ## - FUENTE DE DATOS ENCONTRADOS

  • Cita de la fuente: El fuerismo liberal vasco, 2019
  • Información encontrada: portada (Guillermo Gortázar), solapa (catedrático de instituto de geografía e historia, profesor de historia contemporánea en la UNED)

670 ## - FUENTE DE DATOS ENCONTRADOS

  • Cita de la fuente: WWW ISBN, 20-2-2013
  • Información encontrada: (Gortázar Echevarría, Guillermo; 1951-)

670 ## - FUENTE DE DATOS ENCONTRADOS

  • Cita de la fuente: WWW Discursia, 20-2-2013
  • Información encontrada: (Guillermo Gortázar Echeverría; n. 20-7-1951 en Vitoria, Álava; lic. en Derecho y doctor en Historia, diputado, prof. univ. y abogado)

856 4# - LOCALIZACIÓN Y ACCESO ELECTRÓNICOS

  • Identificador Uniforme de Recursos: http://dialnet.unirioja.es/servlet/autorExterno/BNE/932215